Янко музикантът (Запис номер 148294)
[ съкратено ]
| 000 -Лидер | |
|---|---|
| Контролно поле с фиксирана дължина | nam a22 a 4500 |
| 003 - Код на организацията, давaща контролен номер | |
| Контролно поле | BLK |
| 005 - Дата и час на последна редакция | |
| Контролно поле | 20230202141855.0 |
| 008 - Елементи от данни с фиксирана дължина | |
| fixed length control field | 180410b bul|||||r ||||||| ||bul|| |
| 010 ## - Наследен системен номер | |
| LC control number | KNG00154516000 |
| 040 ## - Източник на каталожния запис | |
| Идентификатор на билиотеката - собственик на записа | BLK |
| 041 ## - Код за език | |
| Код за езика на текст/звукозапис или на отделно заглавие | Български |
| Код за езика КДБФ | Български |
| 080 ## - УДК | |
| Текстов определител УДК | Полска литература |
| УДК код - определител по УДК | 821.162.1 |
| УДК определител | -93-32 |
| УДК - код + определител | 821.162.1-93-32 |
| 100 1# - Редна дума - Автор | |
| Автор | Сенкевич, Хенрик |
| Авторска отговорност | първи автор |
| R(LIN) | 378489 |
| 139 ## - Редно поле | |
| Редна дума | Сенкевич, Хенрик |
| Авторски знак | Сен - С 33 |
| 245 10 - Сведения за заглавието | |
| Заглавие | Янко музикантът |
| Подзаглавни данни | Разкази |
| Редно поле (дума) | Хенрик Сенкевич; худож. Иван Кьосев; прев. от пол. Стефан Илчев. |
| 257 ## - Страна на издаване | |
| Страна на създаване/издаване | Полша |
| 260 ## - Област на издателските данни | |
| Място на издаване, разпространение и проч. | София |
| Име на издателя, разпространителя и проч. | Нар. младеж |
| Година на издаване | 1961 |
| 300 ## - Физическа характеристика | |
| Страници | 32 с. |
| Илюстрации и др. | с ил. |
| Размери/Мащаб | 21 см |
| 380 ## - Жанр | |
| Жанр | Детска худож. лит. |
| 490 ## - СЕРИИ (Колекции) | |
| Име на серия | Масова библиотека Пчелица |
| №: серия | 7 |
| 9 (RLIN) | 205275 |
| 500 ## - Общи забележки | |
| Забележка | 50 100 тир. |
| 700 1# - Други автори (авторска отговорност) | |
| Лично име | Кьосев, Иван |
| Автороска отговорност (Описва отношението между автора и произведението) | худож. |
| 9 (RLIN) | 367385 |
| 700 1# - Други автори (авторска отговорност) | |
| Лично име | Илчев, Стефан |
| Автороска отговорност (Описва отношението между автора и произведението) | прев. от пол. |
| 9 (RLIN) | 367290 |
| 852 ## - Местоположение | |
| Форматна сигнатура | Цб 265844 |
| 856 4# - Електронен адрес и достъп | |
| Електронен формат | pdf - файл |
| Инструкция (цена за достъп) | 0.00 |
| Права за достъп | disable |
| 856 4# - Електронен адрес и достъп | |
| Електронен формат | pdf - файл |
| Инструкция (цена за достъп) | 0.00 |
| Права за достъп | disable |
| 999 ## - СИСТЕМНИ КОНТРОЛНИ НОМЕРА | |
| Koha biblionumber | 148294 |
| Koha biblioitemnumber | 148294 |
| 942 ## - АРТИКУЛИ | |
| Вид на библиотечния материал | Книги |
| Скрит в OPAC | Не |
| Периодичен библиозапис | Да |
| 944 ## - СЪЗДАВАНЕ И РЕДАКЦИЯ на ЗАПИСА | |
| Създаване/Редакция | Създаване |
| Дата на регистрацията/редакция | 07.12.2013 |
| Статус, дата на статуса | 07.12.2013 - от С1,Р / 07.12.2013 |
| Служител, извършил регистрацията/редакцията | Даниел_Канатов |
| 944 ## - СЪЗДАВАНЕ И РЕДАКЦИЯ на ЗАПИСА | |
| Създаване/Редакция | Редакция |
| Дата на регистрацията/редакция | 07.12.2013 |
| Статус, дата на статуса | 07.12.2013 - от С1,Р / 07.12.2013 |
| 999 ## - СИСТЕМНИ КОНТРОЛНИ НОМЕРА | |
| Koha biblioitemnumber | 148294 |
| Код за отписване | Код за изгубен артикул | Източник на класификационната схема | Код за повреда | Коз за рестрикции | Код за отдаване | Артикулен № | Име на библиотеката - собственик | Име на библиотеката, в която се намира в момента | Статус (Текущо местоположение) | Дата на вписване в системата | Местоположение - отдел | Цена в лева | Инвентарен номер | Систематично азбучна сигнатура | Баркод | Номер на екземпляра | Цена в евро | Служебна бележка | Служебен тип на артикула |
|---|---|---|---|---|---|---|---|---|---|---|---|---|---|---|---|---|---|---|---|
| Не е изгубен | Universal Decimal Classification | Не е повреден | без рестрикции | ползва се в читалня | 246612 | Регионална библиотека "Любен Каравелов" Русе | Регионална библиотека "Любен Каравелов" Русе | Хранилище | 1961-01-01 | Основен фонд - ползва се само за читалня | 0.09 | 10278/61 | Цб 265844 | 900000103939 | 1 | 0.05 | Дост: Dp Вид: Д N: стар фонд Дата: 01.01.1961 | Книги | |
| Изтеглен | Не е изгубен | Universal Decimal Classification | Не е повреден | без рестрикции | заемане за дома | 246613 | Регионална библиотека "Любен Каравелов" Русе | Регионална библиотека "Любен Каравелов" Русе | Детски отдел | 1961-01-01 | Детски отдел | 0.90 | 11093/61 | ДХ 820/899/С 33 | 11093/61 | 2 | 0.46 | Дост: Pk Вид: Ф N: стар фонд Дата: 01.01.1961 Дата инв: 29.09.2015 Бележки инв: Д2015 | Книги |